00567 2200205 4500001002100000005001700021008004100038035002600079245001500105100001500120250000600135260005500141300006500196020002200261082000800283084001000291650002400301990001800325990001800343INLIS00000000000330020191230015557.0191230| ||| | ind  a 0010-12190000000330000cpapa andre0 apapa andre a1 aTiara Aksa : SurabayabTiara Aksa : Surabayac2008 a72 hlm, Angkasa Pura II 2017 ;c72 hlm, Angkasa Pura II 2017 a978-979-012-169-00 a700 a745,5 0aMagic Balloon 745.5 aB201802288296 aB201802288297